Statistics for Countries and Territories Bordering the Atlantic Ocean

Click here to take the quiz!

General Stats

  • This quiz has been taken 10 times
    (4 since last reset)
  • The average score is 120 of 122

Answer Stats

Answer% Correct
Albania
100%
Algeria
100%
Angola
100%
Anguilla
100%
Antigua and Barbuda
100%
Argentina
100%
Aruba
100%
Bahamas
100%
Barbados
100%
Belgium
100%
Belize
100%
Benin
100%
Bermuda
100%
Bonaire
100%
Bosnia and Herzegovina
100%
Brazil
100%
British Virgin Islands
100%
Bulgaria
100%
Cameroon
100%
Canada
100%
Cape Verde
100%
Cayman Islands
100%
Colombia
100%
Costa Rica
100%
Croatia
100%
Cuba
100%
Curacao
100%
Cyprus
100%
Democratic Republic of the Congo
100%
Denmark
100%
Dominica
100%
Dominican Republic
100%
Egypt
100%
Equatorial Guinea
100%
Estonia
100%
Falkland Islands
100%
Faroe Islands
100%
Finland
100%
France
100%
French Guiana
100%
Gabon
100%
Germany
100%
Ghana
100%
Greece
100%
Greenland
100%
Grenada
100%
Guadeloupe
100%
Guatemala
100%
Guernsey
100%
Guinea
100%
Guinea Bissau
100%
Guyana
100%
Haiti
100%
Honduras
100%
Iceland
100%
Ireland
100%
Isle of Man
100%
Israel
100%
Italy
100%
Ivory Coast
100%
Jamaica
100%
Jersey
100%
Latvia
100%
Lebanon
100%
Liberia
100%
Libya
100%
Lithuania
100%
Malta
100%
Martinique
100%
Mauritania
100%
Mexico
100%
Monaco
100%
Montenegro
100%
Montserrat
100%
Morocco
100%
Namibia
100%
Netherlands
100%
Nicaragua
100%
Nigeria
100%
Norway
100%
Panama
100%
Poland
100%
Portugal
100%
Puerto Rico
100%
Republic of the Congo
100%
Romania
100%
Russia
100%
Saba
100%
Saint Barthélémy
100%
Saint Helena, Ascension, and Tristan da Cunha
100%
Saint Kitts and Nevis
100%
Saint Lucia
100%
Saint Martin
100%
Saint Pierre and Miquelon
100%
Saint Vincent and the Grenadines
100%
Sao Tome and Principe
100%
Senegal
100%
Sierra Leone
100%
Sint Eustatius
100%
Sint Maartin
100%
Slovenia
100%
South Africa
100%
South Georgia and the South Sandwich Islands
100%
Spain
100%
Suriname
100%
Sweden
100%
Syria
100%
The Gambia
100%
Togo
100%
Trinidad and Tobago
100%
Tunisia
100%
Turkey
100%
Turks and Caicos Islands
100%
Ukraine
100%
United Kingdom
100%
United States
100%
United States Virgin Islands
100%
Uruguay
100%
Venezeula
100%
Georgia
50%
Gibraltar
50%
Akrotiri and Dhekelia
0%

Score Distribution

Percentile by Number Answered

Percent of People with Each Score

Your Score History

You have not taken this quiz since the last reset